[Event "45th Olympiad 2024"]
[Site "Budapest HUN"]
[Date "2024.09.15"]
[Round "5.57"]
[Board "1"]
[White "Santos Flores, Alberto"]
[Black "Van Bemmelen, Ursus"]
[Result "1/2-1/2"]
[WhiteElo "2168"]
[BlackElo "2146"]
[PlyCount "107"]
[EventDate "2024.09.11"]
[WhiteTeam "Ecuador"]
[BlackTeam "Netherlands Antilles"]
[WhiteTeamCountry "ECU"]
[BlackTeamCountry "AHO"]

1. e4 c5 2. Nf3 e6 3. g3 b6 4. Bg2 Bb7 5. d3 d6 6. O-O Nf6 7. c3 ({RR} 7. a4 Be7 8. Nc3 O-O 9. e5 dxe5 10. Nxe5 Qc8 11. Bf4 Nc6 12. Qf3 Na5 13. Qe2 Nc6 14. Qf3 Na5 15. Qe2 Nc6 16. Nxc6 Bxc6 17. Rfe1 Rd8 18. a5 b5 19. a6 b4 20. Ne4 Nd5 21. Be3 Nxe3 {0-1 Amin,B (2628)-Fedorchuk,S (2638) FRA-chT Top 12 2014 (10.2)}) 7... Be7 ({RR} 7... Qc7 8. Re1 Nbd7 9. Nbd2 Be7 10. d4 cxd4 11. cxd4 Rc8 12. Bf1 Qc2 13. Qxc2 Rxc2 14. Bd3 Rc7 15. Nb3 O-O 16. a4 a6 17. Bf4 Rfc8 18. Nfd2 Nh5 19. Be3 Nhf6 20. f3 e5 21. d5 Nc5 22. Nxc5 {1-0 Mazurkiewicz,M (2145)-Chemin,J (2040) Titled Tue 6th Feb Early 2024 (10)}) 8. Nbd2 O-O 9. a3 Qc7 $146 ({RR} 9... Nbd7 10. b4 Qc7 11. Qe2 cxb4 12. cxb4 Ba6 13. Rb1 Rac8 14. Re1 Rfd8 15. b5 Bb7 16. d4 Qb8 17. Bb2 Rc2 18. Qd1 Rdc8 19. Bf1 R2c7 20. Bd3 Qa8 21. Qe2 Nf8 22. e5 dxe5 23. dxe5 N6d7 24. Bd4 {0-1 Dimitrov,A (2290)-Pantev,V (2325) BUL-ch sf Shumen 1995 (3)}) ({RR} 9... Nc6 10. Qe2 Rc8 11. b4 Ne5 12. Bb2 Qd7 13. Ne1 Qa4 14. f4 Ng6 15. Nef3 Qc2 16. Rfb1 c4 17. Ne1 cxd3 18. Qe3 Qa4 19. c4 Rfe8 20. Qxd3 d5 21. cxd5 exd5 22. e5 Ne4 23. Rc1 Nxd2 24. Qxd2 {1-0 Sadvakasov,D (2568)-Kveinys,A (2535) Liepajas Rokade rapid 2001 (3)}) 10. Rb1 Nbd7 11. Re1 Rac8 12. Qe2 Ba6 13. b3 Ng4 14. c4 Bf6 15. b4 cxb4 16. Rxb4 Nge5 17. Nxe5 dxe5 18. Rb1 Rfd8 19. Nb3 b5 20. cxb5 Bxb5 21. Be3 Qc6 22. Bf1 Qa6 23. Qb2 Bxd3 24. Bxd3 Qxd3 25. Bxa7 Rc2 26. Nc1 Qd2 27. Qb4 Be7 28. Qxd2 Rxd2 29. Be3 Rc2 30. Rb7 Bc5 31. Rc7 Rc3 32. Rd1 Rxe3 33. Rxc5 Re1+ 34. Rxe1 Nxc5 35. Na2 Ra8 36. Re3 g5 37. g4 Kg7 38. Kg2 Kg6 39. Nb4 h5 40. h3 h4 41. Kf3 f5 42. exf5+ exf5 43. Rxe5 Rxa3+ 44. Kg2 fxg4 45. Rxc5 gxh3+ 46. Kh2 g4 47. Rc2 Rf3 48. Nc6 Rxf2+ 49. Rxf2 g3+ 50. Kxh3 gxf2 51. Kg2 h3+ 52. Kxf2 h2 53. Kg2 h1=B+ 54. Kxh1 1/2-1/2

[Event "45th Olympiad 2024"]
[Site "Budapest HUN"]
[Date "2024.09.15"]
[Round "5.58"]
[Board "1"]
[White "Bagheri, Amir"]
[Black "Mehrad, Ahmad Tamim"]
[Result "1-0"]
[WhiteElo "2372"]
[BlackElo "2015"]
[PlyCount "57"]
[EventDate "2024.09.11"]
[WhiteTeam "Monaco"]
[BlackTeam "Afghanistan"]
[WhiteTeamCountry "MNC"]
[BlackTeamCountry "AFG"]

1. Nf3 d5 2. c4 e6 3. g3 c5 4. cxd5 exd5 5. d4 Nf6 6. Bg2 Nc6 7. Nc3 c4 8. O-O Bb4 9. Bg5 Bxc3 10. bxc3 h6 11. Bxf6 Qxf6 12. Nd2 ({RR} 12. e4 dxe4 13. Nd2 Bf5 14. Nxe4 Bxe4 15. Bxe4 O-O-O 16. Qa4 Rhe8 17. Bg2 Re7 18. Qxc4 Rc7 19. Qb5 a6 20. Qb6 Nxd4 21. Qa7 Ne6 22. Rad1 Rc6 23. Bxc6 bxc6 24. Qxa6+ Kc7 25. Qa7+ Kc8 26. Rb1 Nc7 {1-0 Spytek,H (1760)-Sielicki,T (2015) TCh-POL 2nd League 2024 (2.23)}) 12... Be6 13. e4 O-O-O $146 ({RR} 13... Rd8 14. exd5 Bxd5 15. Bxd5 Rxd5 16. Re1+ Ne7 17. Qa4+ Qc6 18. Qxa7 Rd7 19. Qb8+ Rd8 20. Qe5 Qf6 21. Qb5+ Qc6 22. Qb4 Qc7 23. Nxc4 f6 24. Rab1 Rd7 25. Nb6 Rd8 26. Na4 Rb8 27. Nc5 Kf7 28. Qc4+ {1-0 De la Cruz Sanchez,C (2242)-Diaz Martin,C (1471) Las Palmas Montalvo Memorial 6th 2013 (1)}) ({RR} 13... Ne7 14. Rb1 b6 15. Nxc4 O-O 16. Ne3 dxe4 17. Bxe4 Rac8 18. Qd2 Rfd8 19. Qb2 Bd5 20. Nxd5 Nxd5 21. Rbc1 Qg5 22. Bg2 Nf6 23. Rfe1 h5 24. Re5 Qg6 25. Rce1 Qd3 26. R5e3 Qc4 27. Qb3 Qxb3 28. axb3 {1-0 Von den Steinen,B (2191)-Wohde,J (1968) SVR-ch MAT-I 34th 2011 (9)}) 14. Rb1 Qe7 15. Qa4 f5 16. exd5 Bxd5 17. Rfe1 Qf7 18. Bxd5 Qxd5 19. Rb5 Qf7 20. Reb1 b6 21. Nxc4 Qc7 22. Rxb6 axb6 23. Nxb6+ Kb7 24. Nd5+ Kc8 25. Qa6+ Kd7 26. Nxc7 Kxc7 27. Rb7+ Kd6 28. Rxg7 Rhg8 29. Qa3+ 1-0

[Event "45th Olympiad 2024"]
[Site "Budapest HUN"]
[Date "2024.09.15"]
[Round "5.58"]
[Board "4"]
[White "Abdul Khaliq, Wais"]
[Black "Van Hoolandt, Patrick"]
[Result "1-0"]
[WhiteElo "1968"]
[BlackElo "2036"]
[PlyCount "69"]
[EventDate "2024.09.11"]
[WhiteTeam "Afghanistan"]
[BlackTeam "Monaco"]
[WhiteTeamCountry "AFG"]
[BlackTeamCountry "MNC"]

1. d4 {Golod,Vitali} Nf6 2. c4 e6 3. Nc3 Bb4 4. Qc2 O-O 5. Bg5 h6 6. Bh4 d6 7. a3 Bxc3+ 8. Qxc3 Nbd7 9. Nf3 b6 ({RR} 9... g5 10. Bg3 Ne4 11. Qc2 f5 12. e3 b6 ({RR} 12... Ndf6 13. Bd3 h5 14. h4 Nxg3 15. fxg3 g4 16. Ng5 Nh7 17. Nxh7 Kxh7 18. O-O) 13. Nd2 Nxg3 ({RR} 13... Ndf6 14. f3 Nxg3 15. hxg3 Kg7 16. Bd3) 14. hxg3 Qf6 15. Be2 Bb7 16. Bf3 c6 ({RR} 16... Bxf3 17. gxf3 c5 18. O-O-O cxd4 19. exd4 b5) 17. O-O-O g4 18. Be2 c5 19. d5 ({RR} 19. f3) 19... exd5 20. cxd5 c4 ({RR} 20... Bxd5 21. Bc4 ({RR} 21. Nc4 Bxg2 22. Rxd6 ({RR} 22. Rh2 Be4 23. Qa4 b5 ({RR} 23... d5 24. Qxd7) 24. Qxb5 Rfb8 25. Qxd7 ({RR} 25. Qa5 d5) ({RR} 25. Qa4 Rxb2) 25... Rxb2) 22... Bxh1 23. Rxf6 Rxf6) 21... Be6 22. Ne4 fxe4 23. Rxd6 Rae8 24. Rxd7 ({RR} 24. Qxe4 Ne5) 24... Bxc4 25. Qxc4+ Qe6 26. Qxe6+ Rxe6) 21. Nb1 ({RR} 21. Nxc4 Rac8 22. Qb3 ({RR} 22. Qa4 Nc5 23. Qxa7 b5) 22... Nc5 ({RR} 22... Rc5) 23. Qb4 Ne4 24. Rhf1 Rc5) 21... b5 22. Nc3 Ba6 ({RR} 22... b4 23. axb4 a5 24. b5) 23. Rh4 Nc5 ({RR} 23... Qg7 24. Rdh1 Rf6 25. f3) 24. Rdh1 {1-0 Onischuk,A (2637)-Van der Wiel,J (2558) Corus-B Wijk aan Zee 2000 (6)}) ({RR} 9... Qe8 10. e3 Ne4 ({RR} 10... b6 11. Nd2 Bb7 12. f3 c5 13. dxc5 dxc5 14. Be2) 11. Qc2 f5 12. Nd2 ({RR} 12. Bd3 Ndf6 13. Bxf6 Nxf6 14. O-O a5 15. b4 Bd7 16. b5 b6) 12... Nxd2 13. Qxd2 e5 14. dxe5 Nxe5 15. f3 Be6 16. Qc3 a5 17. c5) ({RR} 9... Qe7 10. e3 e5 11. Be2 a5 ({RR} 11... Re8) 12. b3 Re8 13. Qc2 b6 14. O-O Bb7 15. d5) 10. e3 ({RR} 10. Nd2 Bb7 11. f3 c5 12. e4 Rc8 13. dxc5 Rxc5 14. Qd4 Qb8 15. Be2) 10... Bb7 11. Be2 Qe8 ({RR} 11... Qe7 12. O-O g5 13. Bg3 Ne4 14. Qc2 f5 15. Nd2 Ndf6) ({RR} 11... Qe7 12. O-O e5 13. Bxf6 Qxf6 14. dxe5 Nxe5 15. Nxe5 dxe5 16. f4 Qg6 17. Rf2 exf4 18. exf4 f5 19. Bf3 Bxf3 20. Rxf3 Rfe8 21. Re1 Rxe1+ 22. Qxe1 Re8 23. Re3 Rxe3 24. Qxe3 Qd6 25. b4 Kf7 26. c5 {½-½ Zhou,S (1740)-Cai,B (1854) Chinese Youth G20 2024 (8.1)}) 12. h3 $146 ({RR} 12. O-O Ne4 13. Qc2 f5 14. b4 g5 15. Bg3 Ndf6 16. c5 h5 17. h4 g4 18. Ng5 bxc5 19. Bf4 cxd4 20. Qxc7 Nxg5 21. hxg5 Rf7 22. Qxd6 Rd8 23. Qe5 Rd5 24. Qb8 d3 25. Bd1 Rd8 26. Qe5 Qc6 {0-1 Kwong,W (1876)-Spyropoulos,N (2425) World Cup U18 Prel rapid 2021 (3)}) ({RR} 12. O-O Ne4 13. Qc2 f5 14. Nd2 g5 15. Bg3 Ndf6 16. Bd3 Kg7 17. Bxe4 fxe4 18. c5 Ba6 19. Rfc1 Bd3 20. Qd1 Qd7 21. cxd6 cxd6 22. Nc4 Ne8 23. b4 Rc8 24. Nb2 Rxc1 25. Rxc1 Ba6 26. Nc4 Rf7 {0-1 Muha,M (1904)-Bender,I (2218) Zagreb City-ch 2013 (1)}) 12... Ne4 13. Qc2 f5 14. O-O-O g5 15. Bg3 Ndf6 16. Bd3 Nxg3 17. fxg3 Kg7 18. g4 fxg4 19. hxg4 Rh8 20. Nh2 Qc6 21. Rhf1 Raf8 22. Rd2 Ne4 23. d5 Rxf1+ 24. Nxf1 exd5 25. Bxe4 dxe4 26. Qc3+ Kg8 27. Rf2 Rh7 28. Qf6 Qxc4+ 29. Kd1 Qa4+ 30. Ke1 Qe8 31. Ng3 Bc6 32. Nf5 Qf8 33. Nxh6+ Qxh6 34. Qd8+ Kg7 35. Qf8+ 1-0

[Event "45th Olympiad 2024"]
[Site "Budapest HUN"]
[Date "2024.09.15"]
[Round "5.59"]
[Board "1"]
[White "Paiva, Donaldo"]
[Black "Ssegwanyi, Arthur"]
[Result "1-0"]
[WhiteElo "2139"]
[BlackElo "2365"]
[PlyCount "55"]
[EventDate "2024.09.11"]
[WhiteTeam "Mozambique"]
[BlackTeam "Uganda"]
[WhiteTeamCountry "MOZ"]
[BlackTeamCountry "UGA"]

1. d4 d5 2. Nc3 Nf6 3. Bf4 c5 4. e3 cxd4 5. exd4 a6 6. Nf3 Nc6 7. Ne5 e6 8. Nxc6 bxc6 9. Na4 Bd6 10. Bxd6 Qxd6 11. Bd3 O-O 12. O-O Rb8 ({RR} 12... Nd7 13. c4 a5 14. Qd2 Ba6 15. c5 Qc7 16. Bxa6 Rxa6 17. Rae1 Raa8 18. h4 Rae8 19. Re2 Re7 20. Rfe1 Rfe8 21. g3 h5 22. Qg5 g6 23. Kg2 Kg7 24. b3 f6 25. Qd2 e5 26. f3 Kh7 27. g4 {1-0 Hong,A (2542)-Kazakouski,V (2608) Titled Tue 26th Mar Early 2024 (10)}) 13. Re1 $146 ({RR} 13. c3 Nd7 14. b4 e5 15. dxe5 Nxe5 16. Re1 h6 17. Nc5 a5 18. a3 axb4 19. axb4 Bg4 20. Qd2 Ra8 21. Bf1 Qg6 22. Qf4 Rxa1 23. Rxa1 Nc4 24. Bxc4 dxc4 25. Qxc4 Bf3 26. Qf1 Re8 27. Kh1 Be2 {0-1 Madaminov,M (2328)-Shevchenko,K (2652) Titled Tuesday intern op 08th Feb Early blitz 2022 (4)}) ({RR} 13. f4 Nd7 14. b3 c5 15. Nxc5 Nxc5 16. dxc5 Qxc5+ 17. Kh1 g6 18. Qe2 d4 19. Qe5 Qb6 20. Rae1 Bb7 21. Qf6 Qd8 22. Qxd8 Rfxd8 23. Re5 Bd5 24. Kg1 a5 25. a4 Rbc8 26. Rd1 Rc7 27. Kf2 Kg7 {0-1 Thrish,K (2116)-Hamblok,R (2275) Hoogeveen op 22nd 2018 (7)}) 13... a5 14. a3 h6 15. Qd2 Ng4 16. f4 Bd7 17. b3 Bc8 18. Rf1 Qc7 19. Rae1 Nf6 20. Re3 Ra8 21. Nc5 Ra7 22. Qe2 Qd6 23. g4 Nd7 24. b4 axb4 25. axb4 Nxc5 26. bxc5 Qd8 27. g5 hxg5 28. Bh7+ 1-0

[Event "45th Olympiad 2024"]
[Site "Budapest HUN"]
[Date "2024.09.15"]
[Round "5.59"]
[Board "3"]
[White "Jamal, Hamid Harmon Gulamo"]
[Black "Egesa emmanuel"]
[Result "1-0"]
[WhiteElo "1959"]
[BlackElo "2128"]
[PlyCount "123"]
[EventDate "2024.09.11"]
[WhiteTeam "Mozambique"]
[BlackTeam "Uganda"]
[WhiteTeamCountry "MOZ"]
[BlackTeamCountry "UGA"]

1. e4 {RR} c6 2. Nc3 d5 3. Nf3 Bg4 4. h3 Bxf3 5. Qxf3 e6 6. d3 Nd7 7. Bd2 Bc5 8. Qg3 ({RR} 8. O-O-O Ne7 9. h4 b5 10. h5 b4 11. Ne2 O-O ({RR} 11... Qb6 12. d4 dxe4) 12. Qg3 dxe4 ({RR} 12... Nf6 13. Bh6 Ne8) 13. dxe4 Kh8 14. h6 g6 15. Bf4 ({RR} 15. Bg5 f6 16. Nf4) 15... Qe8 16. Bd6 f6 17. Nd4 Qf7 18. Bc4 Bxd4 19. Rxd4 c5 20. Rd2 Nb6 21. Qb3 Nxc4 22. Qxc4 Rfc8 {1-0 Mastrovasilis,D (2621)-Short,N (2698) EU-chT (Men) 18th 2011 (2.2)}) 8... Bd4 9. O-O-O a6 $146 ({RR} 9... Qb6 10. f4 Ne7 11. Qf3 Nc5 12. Re1 g6 13. Nd1 Bg7 14. f5 dxe4 15. dxe4 Be5 16. b4 Na6 17. fxe6 fxe6 18. Qb3 Nc7 19. Be3 Bd4 20. Bg5 h6 21. Bxe7 Kxe7 22. Bc4 a5 23. c3 Be5 24. Rhf1 {0-1 Veselov,A (2122)-Rozum,I (2590) Chigorin Memorial 24th 2016 (1)}) ({RR} 9... Ne7 10. h4 O-O 11. Ne2 Bf6 12. Bg5 Qb6 13. Bxf6 Nxf6 14. e5 Nd7 15. h5 h6 16. f4 Nf5 17. Qf3 Ne3 18. Rd2 f6 19. exf6 Rxf6 20. g3 Ne5 21. Qf2 N5g4 22. Qg1 Nxf1 23. Qxf1 Raf8 24. Qf3 {0-1 Trabattoni,F (2210)-Chapman,T (2287) World Senior Teams +65 2024 (7.4)}) ({RR} 9... Qb6 10. f4 Ne7 11. Be2 O-O 12. Kb1 Nc5 13. Bf3 Rfd8 14. Qe1 Bxc3 15. Bxc3 Na4 16. Ka1 d4 17. Bb4 c5 18. Ba3 Qc7 19. e5 Rab8 20. c4 dxc3 21. b3 Nb2 22. Qxc3 Nxd1 23. Qxc5 Qxc5 24. Bxc5 {0-1 Artemiev,V (2474)-Dreev,A (2654) RUS GP rap final 2012 (4)}) 10. Ne2 Bf6 11. f4 g6 12. Bc3 Qb6 13. Bxf6 Ngxf6 14. e5 Ng8 15. d4 c5 16. Qf3 Ne7 17. g4 O-O-O 18. dxc5 Nxc5 19. Nd4 Nc6 20. Nxc6 Qxc6 21. Kb1 Kb8 22. Be2 Qa4 23. Qe3 d4 24. Qf2 Qb4 25. a3 Qb6 26. Rxd4 Rxd4 27. Qxd4 Rd8 28. Qe3 Na4 29. Qxb6 Nxb6 30. Bd3 Rd4 31. Rf1 Nd5 32. f5 Nf4 33. fxe6 fxe6 34. Rf3 h6 35. Kc1 g5 36. b3 Kc7 37. a4 Rd5 38. Re3 Ng2 39. Re4 Nf4 40. Bc4 Rc5 41. b4 Rc6 42. h4 Ng6 43. hxg5 hxg5 44. Kb2 Kd8 45. Bd3 Nf4 46. Rd4+ Ke7 47. Be4 Rc7 48. c3 Ne2 49. Rd3 b5 50. a5 Nf4 51. Rd6 Ne2 52. Rxa6 Nxc3 53. Rc6 Na4+ 54. Kb3 Rd7 55. Rd6 Rxd6 56. exd6+ Kxd6 57. Bd3 Kc6 58. Bf1 e5 59. Bd3 Nc5+ 60. bxc5 Kxc5 61. a6 Kb6 62. Bxb5 1-0

[Event "45th Olympiad 2024"]
[Site "Budapest HUN"]
[Date "2024.09.15"]
[Round "5.60"]
[Board "4"]
[White "Nean, Franck Anderson"]
[Black "Teerapabpaisit, Wisuwat"]
[Result "0-1"]
[WhiteElo "1917"]
[BlackElo "2070"]
[PlyCount "104"]
[EventDate "2024.09.11"]
[WhiteTeam "Cote d’Ivoire"]
[BlackTeam "Thailand"]
[BlackTeamCountry "THA"]

1. d4 Nf6 2. c4 g6 3. Nc3 Bg7 4. e4 d6 5. Be2 Nbd7 6. Be3 c5 ({RR} 6... e5 7. d5 a5 8. h4 Nc5 9. Qc2 Ng4 10. Bd2 f5 11. Bxg4 fxg4 12. h5 Bd7 13. Nge2 Qf6 14. Be3 b6 15. O-O-O h6 16. Ng3 g5 17. Rdf1 O-O 18. f3 Qe7 19. Nf5 Bxf5 20. exf5 gxf3 21. Bxc5 {0-1 Ivic,V (2560)-Caruana,F (2766) Titled Tue 22nd Nov Late 2022 (7)}) 7. d5 ({RR} 7. e5 dxe5 8. dxe5 Nxe5 9. Qxd8+ Kxd8 10. Bxc5 b6 11. Rd1+ Nfd7 12. Bd4 Bb7 13. h4 Rg8 14. f4 Nc6 15. Bxg7 Rxg7 16. Bf3 Rc8 17. Nge2 Na5 18. Bxb7 Nxb7 19. b3 e6 20. Rh3 Ke8 21. Re3 h5 {1-0 Sukandar,I (2371)-Neverov,V (2397) FSGM September 2023 (7.1)}) 7... Qa5 ({RR} 7... a6 8. a4 Qa5 9. Bd2 O-O 10. h3 Qc7 11. Qc2 e6 12. O-O-O exd5 13. exd5 Re8 14. g4 Nf8 15. Bd3 Bd7 16. f4 b5 17. f5 b4 18. Nce2 b3 19. Qb1 Bxa4 20. Nc3 Bd7 21. g5 Nh5 22. f6 {0-1 Khumnorkaew,T (2040)-Teerapabpaisit,W (2112) THA-ch Bangkok 2019 (7)}) 8. Bd2 a6 $146 ({RR} 8... Qb6 9. Qc2 h5 10. h3 a6 11. a3 Nf8 12. b4 N8d7 13. Rb1 Qc7 14. f4 cxb4 15. axb4 b5 16. cxb5 Nxe4 17. Qxe4 Bxc3 18. Rc1 Bxd2+ 19. Kxd2 Qb8 20. Qd4 Rg8 21. bxa6 Bxa6 22. Bxa6 Rxa6 23. Qc4 {1-0 Radhy Sol,M-Nawa,M Olympiad-27 Dubai 1986 (12)}) 9. g4 h6 10. h4 Ne5 11. f3 Rb8 12. a3 Qc7 13. Nh3 Bd7 14. a4 Bc8 15. Nf2 Ned7 16. f4 e6 17. Rc1 exd5 18. cxd5 c4 19. Bxc4 Qxc4 20. Nb5 axb5 21. Rxc4 bxc4 22. Bb4 Nc5 23. Bxc5 dxc5 24. e5 Nd7 25. Ne4 O-O 26. Nd6 Nxe5 27. fxe5 Bxe5 28. Nxc4 Bd4 29. Kd2 b5 30. axb5 Rxb5 31. b3 Rd8 32. d6 Be6 33. Qf3 Bxc4 34. bxc4 Rb2+ 35. Kc1 Rxd6 36. Rf1 Rd7 37. Rd1 Rdb7 38. Qe4 Bf6 39. Rd6 Bxh4 40. Rxg6+ Kf8 41. Qf5 Bf2 42. Qc8+ Ke7 43. Rc6 Be3+ 44. Kd1 Rd2+ 45. Kc1 Rd8+ 46. Kc2 Rxc8 47. Rxc8 Rd7 48. Kb3 Rd1 49. Ka4 Rb1 50. Rc7+ Ke8 51. Rc8+ Kd7 52. Rf8 Ke7 0-1

[Event "45th Olympiad 2024"]
[Site "Budapest HUN"]
[Date "2024.09.15"]
[Round "5.61"]
[Board "3"]
[White "Mendez Machado, Andre"]
[Black "Kodithuwakku, K K Dinujaya"]
[Result "1-0"]
[WhiteElo "2122"]
[BlackElo "1826"]
[PlyCount "121"]
[EventDate "2024.09.11"]
[WhiteTeam "Panama"]
[BlackTeam "Sri Lanka"]
[WhiteTeamCountry "PAN"]
[BlackTeamCountry "SRI"]

1. e4 e5 2. Nf3 Nc6 3. Bc4 Nf6 4. d3 h6 5. c3 d6 6. O-O g5 7. Nbd2 Bg7 8. Bb3 O-O 9. Nc4 ({RR} 9. h3 Be6 10. Re1 Re8 11. Nf1 d5 12. Ng3 a6 13. Nh2 Qd7 14. Nh5 dxe4 15. Nxf6+ Bxf6 16. dxe4 Qxd1 17. Rxd1 h5 18. Nf1 Kg7 19. Bxe6 fxe6 20. Be3 Rad8 21. b4 Ne7 22. Nd2 Nc8 23. Kf1 Nd6 {1-0 Dominguez Perez,L (2748)-Nakamura,H (2802) Saint Louis Blitz 2024 (15.1)}) 9... Ne7 10. Re1 ({RR} 10. h4 g4 11. Nh2 Be6 12. g3 Qd7 13. Qe2 Ng6 14. Ne3 h5 15. f3 gxf3 16. Rxf3 Ne7 17. Bd2 Nh7 18. Raf1 Bxb3 19. axb3 d5 20. R3f2 dxe4 21. dxe4 Qc6 22. Qxh5 Qxe4 23. Rxf7 Nf6 24. Rxf8+ Rxf8 {1-0 Alekseev,E (2548)-Zanan,E (2475) TCh-ISR 2024 (7.22)}) 10... b5 11. Ne3 Bb7 $146 ({RR} 11... Rb8 12. h4 g4 13. Nh2 Kh7 14. d4 Qd7 15. dxe5 dxe5 16. Qxd7 Bxd7 17. Nf5 Nc8 18. Bd1 h5 19. f3 gxf3 20. Nxf3 Ng4 21. Nh2 Nxh2 22. Kxh2 Bxf5 23. exf5 Nd6 24. Rf1 Bf6 25. Bxh5 Bxh4 26. Rf3 {0-1 Vignesh,B (2250)-Quesada Vera,L (2386) Prague op-A 19th 2020 (9)}) 12. a4 a6 13. Bc2 d5 14. exd5 Nfxd5 15. Nxd5 Nxd5 16. Nxe5 Qd6 17. d4 Rae8 18. Nd3 Rxe1+ 19. Qxe1 Qc6 20. axb5 axb5 21. Qf1 b4 22. Ba4 Qd6 23. Nc5 Ba8 24. Bd2 bxc3 25. bxc3 Nf4 26. Bxf4 Qxf4 27. Qd3 Qd6 28. Bc2 Rd8 29. Re1 Qd5 30. Qf1 Qa2 31. Qe2 Qd5 32. Be4 Qd6 33. Bxa8 Rxa8 34. h3 Qd5 35. Qe7 Qc4 36. Ne4 Ra6 37. Qe8+ Kh7 38. Qd7 Kg6 39. Ng3 Rf6 40. Re3 Qa2 41. f3 Qb1+ 42. Kh2 Qc1 43. Qe7 h5 44. Qe4+ Kh6 45. Qd3 h4 46. Ne4 Re6 47. Nf2 Bf8 48. Rxe6+ fxe6 49. Ng4+ Kg7 50. Ne5 Bd6 51. Qg6+ Kh8 52. Qh6+ Kg8 53. Qxe6+ Kh7 54. Qf7+ Kh8 55. f4 Qxf4+ 56. Qxf4 gxf4 57. Nf7+ Kg7 58. Nxd6 cxd6 59. c4 Kf6 60. Kg1 Kf5 61. Kf2 1-0

[Event "45th Olympiad 2024"]
[Site "Budapest HUN"]
[Date "2024.09.15"]
[Round "5.61"]
[Board "4"]
[White "Bandara, Dhanushka"]
[Black "Schnell, Sebastian Narayana"]
[Result "1-0"]
[WhiteElo "1903"]
[BlackElo "2059"]
[PlyCount "85"]
[EventDate "2024.09.11"]
[WhiteTeam "Sri Lanka"]
[BlackTeam "Panama"]
[WhiteTeamCountry "SRI"]
[BlackTeamCountry "PAN"]

1. e4 c6 2. d4 d5 3. exd5 cxd5 4. Bd3 Nf6 5. h3 Nc6 6. c3 g6 7. Qc2 Bg7 8. Bf4 O-O 9. Nf3 Re8 ({RR} 9... Nd7 10. O-O e5 11. dxe5 Ndxe5 12. Nxe5 Nxe5 13. Be2 Qb6 14. Rd1 Bf5 15. Qb3 Qxb3 16. axb3 Rfd8 17. Na3 a6 18. Bxe5 Bxe5 19. Bf3 d4 20. cxd4 Bxd4 21. Rd2 Rd7 22. Rad1 Rad8 23. Kf1 Bxb2 24. Rxd7 {½-½ Aarav,D (2381)-Kovalevsky,S (2114) Titled Tue 30th Jul Late 2024 (4)}) 10. O-O Nh5 11. Bg5 $146 ({RR} 11. Bh2 e5 12. dxe5 Nxe5 13. Nxe5 Bxe5 14. Bxe5 Rxe5 15. Nd2 Ng7 16. Nf3 Rh5 17. Rfe1 Qf6 18. Qe2 Ne6 19. Qe3 Ng5 20. Nxg5 Qxg5 21. Qxg5 Rxg5 22. Re8+ Kg7 23. Kf1 f6 24. Rae1 Re5 25. R1xe5 fxe5 {½-½ Kalin,A (1288)-Spahiu,M (1196) Ohrid Lasker U20 op 2019 (4)}) ({RR} 11. Bh2 e5 12. dxe5 Nxe5 13. Nxe5 Bxe5 14. Bxe5 Rxe5 15. Nd2 Nf4 16. Nf3 Nxd3 17. Qxd3 Bf5 18. Qd2 Re7 19. Rfe1 Be4 20. Nd4 Qd7 21. f3 Bf5 22. Rxe7 Qxe7 23. Nxf5 gxf5 24. Qxd5 Rd8 25. Qxf5 Rd2 {1-0 Blanco Ronquillo,H (2442)-Dwilewicz,K (2131) Titled Tuesday intern op 12th Jul Early blitz 2022 (7)}) 11... Qc7 12. Re1 Bd7 13. Qd2 e5 14. dxe5 Nxe5 15. Nxe5 Bxe5 16. Na3 Bf4 17. Bxf4 Qxf4 18. Qxf4 Nxf4 19. Bf1 a6 20. Nc2 Bf5 21. Ne3 Be6 22. Rad1 Red8 23. Rd4 Nh5 24. Red1 b5 25. Nxd5 Bxd5 26. Rxd5 Rxd5 27. Rxd5 Nf4 28. Rd6 Kf8 29. c4 Ke7 30. Rb6 Rc8 31. g3 Ne6 32. cxb5 axb5 33. Rxb5 Rc1 34. Rb7+ Kf6 35. Kg2 Ng5 36. Bd3 Rd1 37. Bc4 Rd2 38. a4 Ne4 39. Rxf7+ Ke5 40. b3 Ra2 41. h4 h5 42. Bd3 Ke6 43. Rf4 1-0

[Event "45th Olympiad 2024"]
[Site "Budapest HUN"]
[Date "2024.09.15"]
[Round "5.62"]
[Board "4"]
[White "Chia, Yu Zhe Ashton"]
[Black "Zuniga Garcia, German"]
[Result "1/2-1/2"]
[WhiteElo "2224"]
[BlackElo "1877"]
[PlyCount "89"]
[EventDate "2024.09.11"]
[WhiteTeam "Singapore"]
[BlackTeam "Honduras"]
[WhiteTeamCountry "SIN"]
[BlackTeamCountry "HON"]

1. e4 c5 2. Nc3 e6 3. d4 cxd4 4. Qxd4 Nc6 5. Qe3 Nge7 $146 ({RR} 5... Be7 6. Nf3 d5 7. exd5 exd5 8. Bb5 Nf6 9. O-O O-O 10. Rd1 Re8 11. Qf4 a6 12. Ba4 Bc5 13. Bb3 Be6 14. Be3 Bxe3 15. Qxe3 Bg4 16. Qf4 d4 17. Nd5 Bxf3 18. Qxf3 Re6 19. c3 Rd6 20. Nxf6+ {1-0 Bernadskiy,V (2573)-Kramnik,V (2753) Titled Tue 19th Mar Early 2024 (7)}) ({RR} 5... Nf6 6. Nf3 Bb4 7. Bd2 d6 8. h3 O-O 9. O-O-O e5 10. Bd3 Be6 11. a3 Bc5 12. Qg5 Bxf2 13. Nd5 Bxd5 14. exd5 h6 {0-1 Lagarde,M (2607)-Caruana,F (2786) Titled Tue 12th Sep Early 2023 (4)}) ({RR} 5... Bb4 6. Bd2 d6 7. Qg3 g6 8. O-O-O Nge7 9. Nb5 Bc5 10. Be3 Bxe3+ 11. Qxe3 d5 12. exd5 Nxd5 {1-0 Mendez Machado,A (1986)-Cabral,V (1744) 9th Floripa Open 2023 (5.92)}) 6. Qg3 d5 7. Bf4 dxe4 8. Rd1 Qa5 9. Bc7 Nf5 10. Bxa5 Nxg3 11. hxg3 Nxa5 12. Bb5+ Ke7 13. Nxe4 a6 14. Be2 g6 15. c3 Bg7 16. f4 b5 17. Kf2 Bb7 18. Nc5 Bd5 19. Bf3 Nc4 20. Bxd5 exd5 21. b3 Nd6 22. Rxd5 Rac8 23. Nf3 Bxc3 24. Rhd1 Rhd8 25. Ke2 a5 26. Ng5 h6 27. Nge4 Nxe4 28. Nxe4 Rxd5 29. Rxd5 Bb4 30. Re5+ Kf8 31. a3 Bxa3 32. Rxb5 Bb4 33. g4 Rc2+ 34. Kf3 Rb2 35. Nf6 Rxb3+ 36. Ke4 a4 37. Rb8+ Kg7 38. Ne8+ Kf8 39. Nf6+ Kg7 40. Ne8+ Kf8 41. Nf6+ Kg7 42. Ne8+ Kf8 43. Nf6+ Kg7 44. Ne8+ Kf8 45. Nf6+ 1/2-1/2

[Event "45th Olympiad 2024"]
[Site "Budapest HUN"]
[Date "2024.09.15"]
[Round "5.65"]
[Board "1"]
[White "Houssein, Mohamed Bilal"]
[Black "KIGIGHA, Bomo Lovet"]
[Result "0-1"]
[WhiteElo "1870"]
[BlackElo "2217"]
[PlyCount "114"]
[EventDate "2024.09.11"]
[WhiteTeam "Djibouti"]
[BlackTeam "Nigeria"]
[WhiteTeamCountry "DJI"]
[BlackTeamCountry "NGR"]

1. e4 c5 2. Nf3 d6 3. d4 cxd4 4. Nxd4 Nf6 5. Nc3 a6 6. Be2 e5 7. Nb3 Be6 8. Be3 Be7 9. Nd5 Nxd5 10. exd5 Bf5 11. Qd2 Nd7 12. Na5 Qc7 13. c4 O-O 14. b4 ({RR} 14. O-O Bg6 15. b4 f5 16. f4 Nf6 17. fxe5 Ne4 18. Qe1 dxe5 19. c5 Bf6 20. d6 Qd7 21. Nc4 Rae8 22. Nb6 Qd8 23. d7 Re7 24. Rd1 Kh8 25. Bd3 f4 26. Bc1 Ng5 27. Bxg6 hxg6 28. Qh4+ Nh7 {1-0 Erigaisi,A (2762)-Safarli,E (2597) 7th Sharjah Masters 2024 (1.1)}) 14... Qb8 $146 ({RR} 14... Bg6 15. O-O f5 16. f4 Bf6 17. Rac1 Rae8 18. c5 exf4 19. Bxf4 Ne5 20. cxd6 Qxd6 21. Nxb7 Qb6+ 22. Nc5 Bf7 23. Kh1 Rd8 24. Bxe5 Rxd5 25. Bd3 Bxe5 26. Rxf5 Qd8 27. Rcf1 Rd4 {1-0 Paresishvili,G (2326)-Magalashvili,D (2165) GEO-ch U20 Tbilisi 2002 (4)}) ({RR} 14... Bg6 15. O-O f5 16. f4 Bf6 17. Rac1 exf4 18. Bxf4 Be5 19. c5 dxc5 20. Bxe5 Qxe5 21. bxc5 Nf6 22. Nxb7 Ne4 23. Qb4 Bf7 24. Rfd1 Ng5 25. Qd2 Ne4 26. Qd4 Qb8 27. c6 Kh8 28. d6 Nf6 29. Bf3 {1-0 Huda,M (2278)-Paulet,I (2241) EU-ch rapid (Women) 2007 (8)}) 15. O-O Rc8 16. f4 Be4 17. Bd3 Bxd3 18. Qxd3 Bd8 19. Nb3 exf4 20. Bxf4 Qa7+ 21. Kh1 Bf6 22. Rac1 Be5 23. Be3 Qb8 24. Na5 Qc7 25. Qd2 Nf6 26. c5 Qe7 27. c6 b5 28. Rf3 Ne4 29. Qc2 Qh4 30. Rh3 Qg4 31. Qd1 Qg6 32. Qh5 Nc3 33. Qxg6 hxg6 34. Rc2 Nxd5 35. Bd2 Nc7 36. Bc3 Re8 37. Rc1 Bxc3 38. Rhxc3 Re4 39. a3 Rae8 40. h3 Re1+ 41. Rxe1 Rxe1+ 42. Kh2 Kf8 43. Nb7 Ke7 44. Kg3 Re4 45. Kf3 f5 46. Rd3 Re6 47. Na5 d5 48. Rc3 g5 49. Nb3 g6 50. Nd4 Re4 51. Rd3 Kd6 52. Rd2 Ne6 53. Ne2 Kxc6 54. Nc3 Rd4 55. Re2 Rd3+ 56. Kf2 Kd6 57. Nb1 Rb3 0-1